Wills, trusts, and estate administration for the paralegal / (Record no. 3601)
[ view plain ]
| 000 -LEADER | |
|---|---|
| fixed length control field | 00768pam a2200241 a 4500 |
| 001 - CONTROL NUMBER | |
| control field | 3314857 |
| 005 - DATE AND TIME OF LATEST TRANSACTION | |
| control field | 20250207190647.0 |
| 008 - FIXED-LENGTH DATA ELEMENTS--GENERAL INFORMATION | |
| fixed length control field | 840917s1985 mnuak 001 0 eng |
| 020 ## - INTERNATIONAL STANDARD BOOK NUMBER | |
| International Standard Book Number | 0314853146 : |
| Terms of availability | $29.95 |
| 050 00 - LIBRARY OF CONGRESS CALL NUMBER | |
| Classification number | KF755 |
| Item number | .H68 1985 |
| 082 00 - DEWEY DECIMAL CLASSIFICATION NUMBER | |
| Classification number | 346.7305/4 |
| -- | 347.30654 |
| Edition information | 19 |
| 100 1# - MAIN ENTRY--PERSONAL NAME | |
| Personal name | Hower, Dennis R. |
| 245 10 - TITLE STATEMENT | |
| Title | Wills, trusts, and estate administration for the paralegal / |
| Statement of responsibility, etc. | Dennis R. Hower. |
| 250 ## - EDITION STATEMENT | |
| Edition statement | 2nd ed. |
| 260 ## - PUBLICATION, DISTRIBUTION, ETC. | |
| Place of publication, distribution, etc. | St. Paul : |
| Name of publisher, distributor, etc. | West Pub. Co., |
| Date of publication, distribution, etc. | c1985. |
| 300 ## - PHYSICAL DESCRIPTION | |
| Extent | xx, 853 p. : |
| Other physical details | ill., forms ; |
| Dimensions | 26 cm. |
| 440 #0 - SERIES STATEMENT/ADDED ENTRY--TITLE | |
| Title | West's paralegal series |
| 500 ## - GENERAL NOTE | |
| General note | Includes index. |
| 650 #0 - SUBJECT ADDED ENTRY--TOPICAL TERM | |
| Topical term or geographic name entry element | Wills |
| Geographic subdivision | United States. |
| 650 #0 - SUBJECT ADDED ENTRY--TOPICAL TERM | |
| Topical term or geographic name entry element | Trusts and trustees |
| Geographic subdivision | United States. |
| 650 #0 - SUBJECT ADDED ENTRY--TOPICAL TERM | |
| Topical term or geographic name entry element | Probate law and practice |
| Geographic subdivision | United States. |
| 942 ## - ADDED ENTRY ELEMENTS (KOHA) | |
| Source of classification or shelving scheme | Library of Congress Classification |
| Koha item type | Books |
| Suppress in OPAC | No |
| 999 ## - | |
| -- | 3601 |
| -- | 3601 |
| Withdrawn status | Lost status | Source of classification or shelving scheme | Damaged status | Not for loan | Collection | Home library | Current library | Shelving location | Date acquired | Total checkouts | Full call number | Barcode | Date last seen | Copy number | Price effective from | Koha item type |
|---|---|---|---|---|---|---|---|---|---|---|---|---|---|---|---|---|
| Library of Congress Classification | Non-fiction | Law Library (Christ Temple) | Law Library (Christ Temple) | General stacks | 02/07/2025 | KF755.H68 HOW | LLCT00000367 | 02/07/2025 | 1 | 02/07/2025 | Books |